| 000 | 01412cam a2200145 4500500 | ||
|---|---|---|---|
| 005 | 20260329023345.0 | ||
| 041 | _afre | ||
| 042 | _adc | ||
| 100 | 1 | 0 |
_aMucchielli, Alex _eauthor |
| 700 | 1 | 0 |
_aNoy, Claire _eauthor |
| 245 | 0 | 0 | _aÉtude des communications : approches constructivistes |
| 260 |
_bArmand Colin,
_c2005. |
||
| 520 | _aLe présent ouvrage, qui s'inscrit dans la continuité de Approche par la contextualisation, paru dans la même série et qui montrait que les « communications » prennent sens pour les acteurs lorsqu'ils les replacent dans un « contexte pertinent pour eux ». Il démontre que l'interprétation scientifique est aussi l'oeuvre d'une « contextualisation » qui s'opère par et à travers des contextes « scientifiquement construits » pour les besoins des recherches. Les contextes construits peuvent être divers. Ils dépendent de pré-requis scientifiques que l'on peut expliciter. Ils construisent des « reflets » de la « réalité » présentant la caractéristique d'être « utiles » pour résoudre les problèmes posés au départ. L'ouvrage présente sept méthodes ayant déjà fait leurs preuves et donne des indications pour construire des méthodes adaptées à divers problèmes de recherche. | ||
| 856 | 4 | 1 | _uhttps://shs.cairn.info/etude-des-communications-approches-constructiviste--9782200268459?lang=fr&redirect-ssocas=7080 |
| 999 |
_c1926542 _d1926542 |
||